000 00508nam a2200181Ia 4500
008 240925s9999 xx 000 0 und d
020 _a442211155
082 _a621.38174 CLA
100 _aClark, Raymond H.
245 0 _aPrinted Circuit Engineering: optimizing for manufacturability
250 _aNA
260 _aWokingham:
_bVan Nostrand Reinhold
_c,1989.
300 _axiI,398p.
_bNA
_fOriginal
500 _aIncludes Index
600 _aElectronic Engineering
650 _aTechnology
942 _cBK
999 _c3083
_d3083